[Event "Challenge"]
[Site "http://www.queenalice.com/game.php?id=1323158"]
[Date "2014.11.19"]
[Round "-"]
[White "squarsh"]
[Black "Evjen"]
[Result "1-0"]
[WhiteElo "1884"]
[BlackElo "1385"]

1. e4 e5 2. Bc4 Nf6 3. Nc3 Bc5 4. f4 Bxg1 5. Rxg1 exf4 6. d4 d6 7. Bxf4 Bg4 8.
Qd2 Qe7 9. e5 dxe5 10. dxe5 Nc6 11. Qe3 O-O-O 12. exf6 Qxe3+ 13. Bxe3 1-0

[Event "Another Challenge"]
[Site "http://www.queenalice.com/game.php?id=1382315"]
[Date "2015.9.10"]
[Round "-"]
[White "Evjen"]
[Black "squarsh"]
[Result "0-1"]
[WhiteElo "1364"]
[BlackElo "1816"]

1. e4 d5 2. exd5 Qxd5 3. d4 c6 4. Nc3 Qa5 5. Bd2 Qc7 6. Qf3 Nf6 7. O-O-O Bg4 8.
Qf4 Qxf4 9. Bxf4 e6 10. f3 Bf5 11. Bd3 Bg6 12. Bxg6 hxg6 13. Bxb8 Rxb8 14. Nh3
Bd6 15. f4 Nd5 16. Nxd5 cxd5 17. Rhe1 Kd7 18. g3 Rxh3 19. Re2 Rc8 20. a3 Rc6 21.
g4 Bxf4+ 22. Kb1 Rb6 23. Rf2 g5 24. Rd3 Rxd3 25. cxd3 f6 26. b4 Be3 27. Rb2 Bxd4
28. Rb3 Rc6 29. a4 Rc3 30. Ka2 Rc1 31. Rb1 Rc2+ 32. Kb3 Rc3+ 33. Ka2 Rxd3 34.
Rb3 Rd2+ 35. Ka3 Rxh2 36. b5 Bc5+ 37. Rb4 Rh3+ 38. Kb2 Bxb4 39. Kc2 Kd6 40. Kd1
Rh2 41. Kc1 Ke5 42. Kd1 Ke4 43. Kc1 Kd3 44. Kb1 Kc3 45. Kc1 Rh1# 0-1

[Event "Yet Another Game!"]
[Site "http://www.queenalice.com/game.php?id=1432704"]
[Date "2016.7.22"]
[Round "-"]
[White "squarsh"]
[Black "Evjen"]
[Result "1-0"]
[WhiteElo "1852"]
[BlackElo "1343"]

1. e4 e6 2. Bc4 Bc5 3. d4 Bb4+ 4. c3 d5 5. Bb5+ Bd7 6. Bxd7+ Qxd7 7. cxb4 Nc6 8.
Nc3 Nf6 9. f3 O-O-O 10. a3 e5 11. dxe5 Nxe5 12. Bf4 Rhe8 13. Nge2 Nh5 14. O-O
Nxf4 15. Nxf4 dxe4 16. Qxd7+ Rxd7 17. Nxe4 Nd3 18. Nxd3 Rxd3 19. Rac1 f5 20. Nc5
Rd2 21. Rf2 Rxf2 22. Kxf2 b6 23. Nd3 a5 24. bxa5 bxa5 25. Rc5 Rd8 26. Ke2 Re8+
27. Kf2 Rd8 28. Ke2 Re8+ 29. Re5 Rd8 30. Rxa5 g6 31. Ra8+ Kd7 32. Rxd8+ Kxd8 33.
Ke3 Kd7 34. Kd4 Kd6 35. b4 c6 36. Nf4 h5 37. Nxg6 Ke6 38. Kc5 Kd7 39. g4 hxg4
40. Ne5+ Kc7 41. fxg4 f4 42. Nf3 Kd7 43. h4 Ke6 44. Kd4 Kd6 45. g5 1-0

[Event "Challenge"]
[Site "http://www.queenalice.com/game.php?id=1441863"]
[Date "2016.9.18"]
[Round "-"]
[White "Evjen"]
[Black "recchdegomm1"]
[Result "0-1"]
[WhiteElo "1362"]
[BlackElo "1282"]

1. e4 Nf6 2. Nc3 c6 3. d4 c5 4. dxc5 e6 5. Bg5 h6 6. Bxf6 Qxf6 7. Qd2 Bxc5 8.
O-O-O O-O 9. Nf3 Nc6 10. Bb5 Qg6 11. Nh4 Qh5 12. g3 Ne5 13. Rhf1 a6 14. Be2 Ng4
15. Nf3 b5 16. a4 Bxf2 17. axb5 axb5 18. Bxb5 Ra1+ 19. Nb1 Qxb5 20. Qd3 Qb6 21.
h3 Be3+ 22. Nd2 Ne5 23. Qc3 d6 24. Rf3 Nxf3 25. b4 e5 26. Qxa1 Qxb4 27. Qc3 Qc5
28. Qxc5 Bxc5 29. Nxf3 Bxh3 0-1

[Event "New Challenge"]
[Site "http://www.queenalice.com/game.php?id=1505699"]
[Date "2017.11.26"]
[Round "-"]
[White "Evjen"]
[Black "squarsh"]
[Result "0-1"]
[WhiteElo "1341"]
[BlackElo "1870"]

1. e4 d5 2. exd5 Qxd5 3. d4 c6 4. Nc3 Qa5 5. Bd2 Qc7 6. Qf3 Nf6 7. Bc4 Bg4 8.
Qf4 Qxf4 9. Bxf4 Nbd7 10. Bc7 e6 11. Nf3 Bb4 12. O-O-O O-O 13. h3 Bh5 14. g4 Bg6
15. Ne5 Nxe5 16. dxe5 Nd5 17. Nxd5 cxd5 18. Bd6 Bxd6 19. exd6 Rfd8 20. Bd3 Bxd3
21. Rxd3 Rxd6 22. f4 Rc6 23. Re1 Rac8 24. c3 b5 25. a3 a5 26. f5 b4 27. fxe6
fxe6 28. h4 bxc3 29. Rxc3 Rxc3+ 30. bxc3 Rxc3+ 31. Kb2 Rc4 32. Rxe6 a4 33. g5
Rxh4 34. Kc3 Rg4 35. Re5 d4+ 36. Kc4 Kf7 37. Kb4 d3+ 38. Kc3 Rg3 39. Kd2 Rg2+
40. Kxd3 Ra2 41. Rf5+ Kg6 42. Rc5 Rxa3+ 43. Kc4 Ra1 44. Kd4 a3 45. Ke4 a2 46.
Kf4 Rf1+ 47. Kg4 a1=Q 48. Rc6+ Kf7 0-1

[Event "Challenge"]
[Site "http://www.queenalice.com/game.php?id=1553894"]
[Date "2018.12.23"]
[Round "-"]
[White "squarsh"]
[Black "Evjen"]
[Result "1-0"]
[WhiteElo "1968"]
[BlackElo "1345"]

1. e4 e5 2. Bc4 d6 3. Nc3 Nc6 4. f4 exf4 5. Nf3 Nf6 6. d4 Be6 7. d5 Bg4 8. dxc6
bxc6 9. Bxf4 d5 10. exd5 Qe7+ 11. Kf2 Qc5+ 12. Qd4 Qxd4+ 13. Nxd4 Bc5 14. Be3
O-O 15. Rhe1 Rae8 16. dxc6 Ne4+ 17. Nxe4 Rxe4 18. c3 Be6 19. Bxe6 fxe6+ 20. Nf3
Bxe3+ 21. Rxe3 Rxe3 22. Kxe3 Re8 23. Rd1 e5 24. b4 a6 25. Rd7 e4 26. Ng5 h6 27.
Nxe4 Rc8 28. c4 Kh7 29. Nc5 Re8+ 30. Kf3 Rf8+ 31. Kg3 Rc8 32. Ne6 Rb8 33. Rxg7+
Kh8 34. Rxc7 Rxb4 35. Ra7 Ra4 36. c7 Rxc4 37. Ra8+ Kh7 38. c8=Q Rxc8 39. Rxc8
Kg6 40. Rc5 h5 41. Nf4+ Kf6 42. Nd3 Kg6 43. h4 Kf6 44. Kf4 Ke6 45. Ke4 Kf6 46.
Rc6+ Ke7 47. Kf5 Kd7 48. Ne5+ Ke7 49. Rxa6 Kd8 50. Ra7 Kc8 51. Rh7 Kd8 52. Ke6
Ke8 53. Rh8# 1-0

[Event "2020 Challenge"]
[Site "http://www.queenalice.com/game.php?id=1595512"]
[Date "2020.1.7"]
[Round "-"]
[White "Evjen"]
[Black "squarsh"]
[Result "0-1"]
[WhiteElo "1343"]
[BlackElo "1952"]

1. e4 d5 2. e5 Bf5 3. d4 e6 4. Bb5+ c6 5. Bd3 Ne7 6. Bxf5 Nxf5 7. Nf3 Be7 8. Bg5
Bxg5 9. Nxg5 Qxg5 10. Qd2 Qxg2 11. Rf1 Qxh2 12. Nc3 Nd7 13. O-O-O O-O-O 14. Na4
Qh6 15. f4 Qh3 16. Qa5 Kb8 17. Nc5 Nxc5 18. Qxc5 h5 19. Rf2 Qe3+ 20. Rdd2 Qe1+
21. Rd1 Qxf2 22. Qe7 Nxe7 23. b4 Nf5 24. a4 Nxd4 25. c3 Qc2# 0-1

[Event "Site's Suggest Opponents"]
[Site "http://www.queenalice.com/game.php?id=1598914"]
[Date "2020.2.9"]
[Round "-"]
[White "BobFish"]
[Black "Evjen"]
[Result "0-1"]
[WhiteElo "1480"]
[BlackElo "1337"]

1. e4 e5 2. Nf3 Nc6 3. Bc4 d5 4. exd5 Nd4 5. Nxd4 exd4 6. O-O Nf6 7. Re1+ Be7 8.
d3 Nxd5 9. Nd2 O-O 10. Bxd5 Qxd5 11. Rxe7 Qd6 12. Re4 Bf5 13. Rh4 Rae8 0-1

[Event "Challenge"]
[Site "http://www.queenalice.com/game.php?id=1611519"]
[Date "2020.5.9"]
[Round "-"]
[White "squarsh"]
[Black "Evjen"]
[Result "1-0"]
[WhiteElo "1911"]
[BlackElo "1341"]

1. e4 e6 2. Nc3 Nc6 3. Bc4 Nd4 4. Nf3 Nxf3+ 5. Qxf3 f5 6. exf5 exf5 7. Qxf5 Qe7+
8. Qe4 Nf6 9. Qxe7+ Bxe7 10. d4 d6 11. Bf4 Bg4 12. f3 Bf5 13. O-O-O O-O-O 14.
Rhe1 Rhe8 15. Bf7 Rf8 16. Rxe7 Rd7 17. Rxd7 Kxd7 18. Bb3 c5 19. dxc5 Nh5 20.
Bxd6 Kc6 21. Bxf8 b6 22. Rd6+ Kxc5 23. g4 g6 24. Rd5+ Kc6 25. Rd6+ Kc5 26. gxf5
gxf5 27. Rh6+ Kd4 28. Rxh5 f4 29. Kd2 a5 30. Rd5# 1-0

[Event "Challenge"]
[Site "http://www.queenalice.com/game.php?id=1611520"]
[Date "2020.5.9"]
[Round "-"]
[White "Evjen"]
[Black "squarsh"]
[Result "0-1"]
[WhiteElo "1339"]
[BlackElo "1915"]

1. e4 d5 2. exd5 Qxd5 3. d4 c6 4. Nc3 Qa5 5. Bd2 Qc7 6. Bc4 Nf6 7. Qf3 Bg4 8.
Qe3 e6 9. Nf3 Bd6 10. O-O-O Nbd7 11. h3 Bh5 12. g4 Bg6 13. Ne5 O-O-O 14. Nxg6
hxg6 15. Ne4 Nxe4 16. Qxe4 Nb6 17. Ba5 Kb8 18. Bxb6 Qxb6 19. f4 Qc7 20. f5 gxf5
21. gxf5 Rhf8 22. Qg2 Qe7 23. Qxg7 Bf4+ 24. Kb1 Rg8 25. f6 Qb4 26. Qxf7 Qxc4 27.
d5 exd5 28. Qe7 Rgf8 29. h4 d4 30. c3 d3 31. Rhf1 Bd6 32. b3 Qxc3 33. Rc1 Qd4
34. Rc4 Qd5 35. Qe3 Be5 36. Rd1 Bxf6 37. Qg3+ Qe5 38. Rxd3 Rxd3 39. Qxd3 Qb2#
0-1

[Event "Challenge"]
[Site "http://www.queenalice.com/game.php?id=1782516"]
[Date "2022.2.9"]
[Round "-"]
[White "steve_sharp"]
[Black "Evjen"]
[Result "1-0"]
[WhiteElo "1744"]
[BlackElo "1436"]

1. e4 d5 2. exd5 Qxd5 3. Nc3 Qe5+ 4. Be2 e6 5. d4 Qa5 6. Nf3 Nc6 7. O-O Qh5 8.
a3 Bd6 9. Ne4 e5 10. Nxe5 Nxe5 11. Bxh5 Bg4 12. Bxg4 Nh6 13. Nxd6+ cxd6 14. dxe5
dxe5 15. Qd7+ Kf8 16. Bh5 g6 17. Bxh6+ Kg8 18. Rfd1 gxh5 19. Qf5 1-0

[Event "Challenge"]
[Site "http://www.queenalice.com/game.php?id=1782517"]
[Date "2022.2.9"]
[Round "-"]
[White "Evjen"]
[Black "steve_sharp"]
[Result "0-1"]
[WhiteElo "1441"]
[BlackElo "1724"]

1. e4 d5 2. exd5 Qxd5 3. d4 c6 4. Nc3 Qa5 5. Qf3 Nf6 6. Bd2 Qc7 7. Bc4 Bg4 8.
Qg3 Qxg3 9. hxg3 Bf5 10. O-O-O e6 11. f3 Nbd7 12. g4 Bg6 13. Na4 O-O-O 14. Bf4
Nd5 15. Ne2 Nxf4 16. Nxf4 Bd6 17. Nxg6 hxg6 18. Rxh8 Rxh8 0-1